| 000 | 01084cam a2200265M 4500 | ||
|---|---|---|---|
| 001 | 2684563 | ||
| 003 | ARRUPE | ||
| 005 | 20140515141813.0 | ||
| 008 | 880811s1941 sa bcf 000 0 eng d | ||
| 035 | _a(OCoLC)ocm25939670 | ||
| 035 | _a(NNC)2684563 | ||
| 040 |
_aINU _cINU _dOCL _dZCU |
||
| 043 | _af-sa--- | ||
| 099 |
_a968.2 _aSt67 |
||
| 100 | 1 |
_aStokes, C. S. _q(Charles Selwyn) _910254 |
|
| 245 | 1 | 0 |
_aSanctuary _b... with a foreword by her Royal Highness the Crown Princess of Greece; _can appreciatory note by F. C. Sturrock, an introduction by P. N. Barrett, a preface by J. Stevenson-Hamilton, and some forty poems by C. S. Stokes. |
| 260 |
_aCape Town, _b"Sanctuary" Production Committee, _c1941. |
||
| 300 |
_a480 p. _bincl. plates, maps, ports. _c25 cm. |
||
| 500 | _a"Issued under the patronage of Field Marshall the Right Hon. J. C. Smuts ... and Mrs. Smuts." | ||
| 650 | 0 |
_aZoology _zSouth Africa _zTransvaal. _910255 |
|
| 650 | 0 |
_aWildlife conservation. _910256 |
|
| 651 | 0 |
_aKruger National Park (South Africa) _910257 |
|
| 942 |
_2lcc _cREFERENCE |
||
| 999 |
_c120509 _d120509 |
||